| 000 | 00588nam a2200181 i 4500 | ||
|---|---|---|---|
| 001 | 14030 | ||
| 003 | ES-MaACL | ||
| 005 | 20230906150718.0 | ||
| 007 | t| | ||
| 008 | 980921s1992 sp a |||| | spa d | ||
| 080 | _a821.134.2-14"19"(082.2) | ||
| 245 | 0 | 0 |
_aPoetas de poesía inédita _b: (II Jornadas de Homenaje a Juan Valencia). |
| 260 |
_a[Málaga : _bCentro Cultural de la Generación del 27, _c1992] |
||
| 300 |
_a[24] p. : _bil. ; _c22 cm. |
||
| 650 | 4 |
_aPoesías españolas- _yS.XX. _916221 |
|
| 710 | 2 |
_aCentro Cultural Generación del 27. _92582 |
|
| 852 |
_aES-MaACL _j2153-F-34 |
||
| 999 |
_c14030 _d14030 |
||